Central Library OPAC University of Rajshahi

A prince in their midst : (Record no. 24584)

MARC details
000 -LEADER
fixed length control field 00893cam a22002531 4500
001 - CONTROL NUMBER
control field 24584
003 - CONTROL NUMBER IDENTIFIER
rucl marc code BD-RjUL
005 - DATE AND TIME OF LATEST TRANSACTION
control field 20211209001054.0
008 - FIXED-LENGTH DATA ELEMENTS--GENERAL INFORMATION
fixed length control field 140313s1947 1946 okua b s000 0beng
035 ## - SYSTEM CONTROL NUMBER
System control number (BD-RjUL)24653
System control number (BD-RjUL)24653
040 ## - CATALOGING SOURCE
Original cataloging agency DLC
Transcribing agency ODaWU
Modifying agency BD-RjUL
-- BD-RjUL
Language of cataloging eng
041 ## - LANGUAGE CODE
Language code of text/sound track or separate title eng
082 ## - DEWEY DECIMAL CLASSIFICATION NUMBER
Classification number 923.244
Author mark and year HAP 1947
100 1# - MAIN ENTRY--PERSONAL NAME
Personal name Hanna, Alfred Jackson,
Dates associated with a name 1893-
9 (RLIN) 75659
245 12 - TITLE STATEMENT
Title A prince in their midst :
Remainder of title the adventurous life of Achille Murat on the American frontier /
Statement of responsibility, etc. by A.J. Hanna, with drawings by John Rae.
260 ## - PUBLICATION, DISTRIBUTION, ETC. (IMPRINT)
Place of publication, distribution, etc. Norman,
Name of publisher, distributor, etc. University of Oklahoma Press,
Date of publication, distribution, etc. 1947.
300 ## - PHYSICAL DESCRIPTION
Pagination xi, 275 p. :
Illustrations illus. ;
Size 21 cm.
504 ## - BIBLIOGRAPHY, ETC. NOTE
Bibliography, etc "The writings of Achille Murat": p. 247-251. Bibliography: p. 254-267.
600 10 - SUBJECT ADDED ENTRY--PERSONAL NAME
Personal name Murat, Achille,
Titles and other words associated with a name Prince,
Dates associated with a name 1801-1847.
942 ## - ADDED ENTRY ELEMENTS (KOHA)
Source of classification or shelving scheme Dewey Decimal Classification
Koha item type Books
Holdings
Lost status Source of classification or shelving scheme Damaged status Not for loan Collection code Permanent Location Current Location Shelving location Date acquired Source of acquisition Total Checkouts Full call number Date last seen Copy number Koha item type
  Dewey Decimal Classification   Added to bundle Non-fiction Central Library, University of Rajshahi Central Library, University of Rajshahi Reading Room 24/02/1958 U.S.I.S. Dacca   923.244 HAP 1947 13/03/2014 C-1 Books